| 000 | 00676cam a22001691 4500 | ||
|---|---|---|---|
| 082 |
_a621.317 _bGAR _cL-11, P-02 |
||
| 100 | 1 |
_aGarrard, Charles C. _941418 |
|
| 245 | 1 | 0 |
_aElectric switch and controlling gear. _bA handbook on the design, manufacture and use of switchgear and switchboards in central stations, factories and mines; _cby Charles C. Garrard. |
| 250 | _a3rd ed. rev. and enl. | ||
| 260 |
_aLondon, _bBenn Brothers Limited, _c1927. |
||
| 300 |
_axiv, 783 p. _billus., fold. plates, diagrs. _c22 cm. |
||
| 490 | 0 | _aElectrician series | |
| 526 |
_a0 _b0 _c0 _d621_317000000000000_GAR |
||
| 650 | 0 |
_aElectric switchgear. _941056 |
|
| 650 | 0 |
_aMCE _9379 |
|
| 942 |
_2ddc _cBK |
||
| 999 |
_c545526 _d545526 |
||